| 000 | 00770cam a22002657a 4500 | ||
|---|---|---|---|
| 999 |
_c173030 _d173030 |
||
| 001 | 13213826 | ||
| 003 | Nust | ||
| 005 | 20170117145933.0 | ||
| 008 | 010525s2000 pk b 000 0 eng | ||
| 010 | _a 2001289434 | ||
| 020 | _a9695160255 | ||
| 025 | _aP-E-2001289434; 05; 06 | ||
| 035 | _a(DLC) 2001289434 | ||
| 040 |
_aDLC _cDLC |
||
| 042 | _alcode | ||
| 050 | 0 | 0 | _aMLCS 2003/01804 (P) |
| 082 |
_a823.914 _bALI |
||
| 100 | 1 | _aAli, Tariq. | |
| 245 | 1 | 4 |
_aThe book of Saladin / _cTariq Ali. |
| 260 |
_aIslamabad : _bAlhamra, _c2000. |
||
| 300 |
_a407 p. : _bmap ; _c21 cm. |
||
| 906 |
_a7 _bcbc _corigode _d3 _encip _f20 _gy-gencatlg |
||
| 942 |
_2ddc _cBK |
||